|
|
|
|
| LEADER |
00000nab a2200000 ar4500 |
| 001 |
vtls009145164 |
| 003 |
SK-MaSNL |
| 005 |
20260303193617.0 |
| 008 |
071001c2007 xo |||||||||||000 b|slo |
| 015 |
|
|
|a SNBRB2007/10
|2 snkbucl
|
| 038 |
|
|
|a SNKBUCL
|
| 040 |
|
|
|a SNKBUCL
|b slo
|c SNKBUCL
|e AACR2
|
| 041 |
0 |
|
|a slo
|
| 044 |
|
|
|a xo
|c SK
|
| 080 |
|
|
|a 635.61/.64
|2 1997
|
| 100 |
1 |
|
|a Valšíková-Frey, Magdaléna,
|d 1947-
|4 aut
|9 193550
|
| 245 |
1 |
0 |
|a Aby zelenina dlhšie vydržala
|c Magdaléna Valšíková
|
| 300 |
|
|
|b Fotogr.
|
| 650 |
0 |
7 |
|a plodová zelenina
|2 snkbucl
|9 1059453
|
| 650 |
0 |
7 |
|a zber poľnohospodárskych plodín
|2 snkbucl
|9 428689
|
| 650 |
0 |
7 |
|a skladovanie
|2 snkbucl
|9 14941
|
| 773 |
0 |
|
|t Záhradkár
|g Roč. XLIII, č. 9 (2007), s. 36-38
|x 0862-5565
|
| 852 |
|
|
|a SNK
|b KIS3GCP
|
| 999 |
|
|
|c 2153298
|d 2155228
|